El Principi d'Arquimedes / (Record no. 136410)

MARC details
000 -CABECERA
campo de control de longitud fija 02080nam a2200349 i 4500
001 - NÚMERO DE CONTROL
campo de control 991061426312406706
003 - IDENTIFICADOR DEL NÚMERO DE CONTROL
campo de control ES-BaIT
005 - FECHA Y HORA DE LA ÚLTIMA TRANSACCIÓN
campo de control 20250717120640.0
008 - DATOS DE LONGITUD FIJA--INFORMACIÓN GENERAL
campo de control de longitud fija 250704e202502 spc 000 d cat c
017 ## - NÚMERO DE COPYRIGHT O DE DEPÓSITO LEGAL
Número de copyright o de depósito legal DL T 211-2025
Agencia que asigna Biblioteca de Catalunya
020 ## - NÚMERO INTERNACIONAL ESTÁNDAR DEL LIBRO
Número Internacional Estándar del Libro 9788412983135
040 ## - FUENTE DE LA CATALOGACIÓN
Centro catalogador/agencia de origen ES-BaIT
Lengua de catalogación cat
Normas de descripción rda
Centro/agencia transcriptor ES-BaIT
080 ## - NÚMERO DE LA CLASIFICACIÓN DECIMAL UNIVERSAL
Número de la Clasificación Decimal Universal 821.134.1-2
Subdivisión auxiliar común "20"
080 ## - NÚMERO DE LA CLASIFICACIÓN DECIMAL UNIVERSAL
Número de la Clasificación Decimal Universal 849.9-2"20"
100 1# - ENTRADA PRINCIPAL--NOMBRE DE PERSONA
Nombre de persona Miró Coromina, Josep Maria,
Fechas asociadas al nombre 1977-
Término indicativo de función/relación autor
9 (RLIN) 34005
245 13 - MENCIÓN DE TÍTULO
Título El Principi d'Arquimedes /
Mención de responsabilidad, etc. Josep Maria Miró ; pròleg de Leonardo V. Granados
250 ## - MENCIÓN DE EDICIÓN
Mención de edición 2a edició revisada
264 #1 - PRODUCCIÓN, PUBLICACIÓN, DISTRIBUCIÓN, FABRICACIÓN Y COPYRIGHT
Producción, publicación, distribución, fabricación y copyright Tarragona :
Nombre del de productor, editor, distribuidor, fabricante Arola Editors,
Fecha de producción, publicación, distribución, fabricación o copyright febrer 2025
300 ## - DESCRIPCIÓN FÍSICA
Extensión 114 pàgines ;
Dimensiones 17 cm
336 ## - TIPO DE CONTENIDO
Término de tipo de contenido text
Código de tipo de contenido txt
Fuente rdacontent
337 ## - TIPO DE MEDIO
Nombre/término del tipo de medio sense mediació
Código del tipo de medio n
Fuente rdamedia
338 ## - TIPO DE SOPORTE
Nombre/término del tipo de soporte volum
Código del tipo de soporte nc
Fuente rdacarrier
490 1# - MENCIÓN DE SERIE
Mención de serie Textos a part.Teatre contemporani ;
Designación de volumen o secuencia 257
500 ## - NOTA GENERAL
Nota general P4: D1, H3
520 ## - SUMARIO, ETC.
Sumario, etc. "Ha arribat el dia que els cavallets de mar, el grup infantil de natació, comencin a nedar sense bombolla. Aquest moment crucial per als més petits de la piscina és el desencadenant perquè surtin a la superfície sospites, dubtes i temors. Anna, la directora del club de natació, demana explicacions a Jordi, l'entrenador dels cavallets, després que alguns pares s'han queixat de com el noi ha gestionat la negativa d'un dels nens a treure's la bombolla perquè està espantat i plora. Jordi assegura que ha actuat amb tacte i que no l'ha renyat, ni espantat. El problema, però, és un altre: els pares veuen amb inquietud i preocupació que per tranquil.litzar-lo l'hagi abraçat i li hagi fet un petó. El principi d'Arquimedes és una obra sobre les pors contemporànies, les relacions humanes, els prejudicis i la confiança. El text de 2011 ha estat revisat amb motiu de la nova estrena a Catalunya de 2025." -- Contracoberta
586 ## - NOTA DE PREMIOS
Nota de premios XXXVI Premi Born de Teatre 2011
700 1# - ENTRADA AGREGADA--NOMBRE PERSONAL
Nombre de persona Granados, Leonardo V.
Término indicativo de función/relación escriptor d'un pròleg
9 (RLIN) 166729
830 #0 - PUNTO DE ACCESO ADICIONAL DE SERIE-TÍTULO UNIFORME
Título uniforme Textos a part.
Nombre de parte o sección de la obra Teatre contemporani
Designación de volumen o secuencia 257
9 (RLIN) 63285
908 ## - COLOCAR PARÁMETRO DE COMANDO (RLIN)
Colocar parámetro de comando CDMAE
940 ## - EQUIVALENCIA O REFERENCIA-CRUZADA--TÍTULO UNIFORME [OBSOLETO] [solamente CAN/MARC]
Título uniforme <a href="CVA7">CVA7</a>
942 ## - ELEMENTOS DE ENTRADA AGREGADA (KOHA)
Fuente del sistema de clasificación o colocación Clasificación decimal universal
Tipo de ítem Koha Llibre
Holdings
Estado de retiro Estado de pérdida Fuente del sistema de clasificación o colocación Estado dañado No para préstamo Localización permanente Ubicación/localización actual Ubicación en estantería Fecha de adquisición Fuente de adquisición Total de préstamos Signatura topográfica completa Código de barras Fecha visto por última vez Fecha del último préstamo Precio válido a partir de Tipo de ítem Koha
    Clasificación decimal universal     Biblioteca Barcelona Biblioteca Barcelona BCN Lliure Accés 17/07/2025 Compra 2 849 MIROC pri 1900089104 30/09/2025 22/09/2025 17/07/2025 Llibre
    Clasificación decimal universal     Biblioteca Vic Biblioteca Barcelona OSONA-Vic 17/07/2025 Compra   849 MIROC pri 1900089106 17/07/2025   17/07/2025 Llibre
    Clasificación decimal universal     Biblioteca Terrassa Biblioteca Terrassa VALLÈS-J.Oliver 17/07/2025 Compra   849 MIROC pri 1900089105 21/07/2025   17/07/2025 Llibre

Powered by Koha